000 00750nam a2200217Ii 4500
003 JO-AjNU
008 230605s9999||||xx |||||||||||||| ||und||
017 _a2000/11/3080
040 _aJO-AjNU
_bara
_erda
_cJO-AjNU
041 _aara
050 1 4 _aBP166.G478 2001
100 3 _aالغزنوي، أحمد بن محمد بن نوح؛ دراسة وتحقيق محمد طعمة القضاة,
_eauthor
_945495
245 0 0 _aأصول فقه الغزنوي: رسالة في أصول الفقه
250 _aط1
264 3 1 _aعمان: المحقق، 2001
300 _a152ص
336 _atext
_btxt
_2rdacontent
337 _aunmediated
_bn
_2rdamedia
338 _avolume
_bnc
_2rdacarrier
650 4 _aأصول الفقه الإسلامي
_945496
999 _aA19726
_c23294
_d23294